[Event "Satka Autumn op (Women)"]
[Site "Satka"]
[Date "2014.09.27"]
[Round "7"]
[White "Kiseleva, Olga"]
[Black "Filippova, Darya"]
[Result "1/2-1/2"]
[WhiteElo "1824"]
[BlackElo "1662"]
[PlyCount "91"]
[EventDate "2014.09.21"]
[EventType "swiss"]
[EventRounds "9"]
[EventCountry "RUS"]
[SourceTitle "CBM 162 Extra"]
[Source "ChessBase"]
[SourceDate "2014.10.17"]
[SourceVersion "1"]
[SourceVersionDate "2014.10.17"]
[SourceQuality "1"]

1. e4 c6 2. d4 d5 3. e5 Bf5 4. Nf3 e6 5. Be2 h6 6. h3 Ne7 7. Nbd2 Bh7 8. Nb3 Nf5 9. Be3 Be7 10. Qd2 Nd7 11. 0-0 0-0 12. Rac1 Qc7 13. c4 dxc4 14. Bxc4 Nb6 15. Bd3 Nd5 16. Be4 Rad8 17. Qd3 Kh8 18. Bd2 Bg6 19. a3 Qb8 20. Qc2 Rfe8 21. Rfd1 Bf8 22. Na5 Nfe7 23. Nh4 Bxe4 24. Qxe4 Nc8 25. Nc4 Be7 26. Qg4 Bf8 27. Re1 Ncb6 28. Nxb6 axb6 29. Be3 Rd7 30. Rc2 Qd8 31. Qe4 Qe7 32. Nf3 Ra8 33. Rec1 Qd8 34. Nd2 b5 35. Nb3 b4 36. axb4 Nxb4 37. Re2 Ra2 38. Qb1 Qa8 39. Bd2 Nd5 40. Be3 Qa4 41. Qd3 Nb6 42. Rec2 Rd5 43. Nd2 Qb5 44. Qxb5 Rxb5 45. b3 Rba5 46. Nc4 1/2-1/2

[Event "Satka Autumn op (Women)"]
[Site "Satka"]
[Date "2014.09.25"]
[Round "5"]
[White "Kiseleva, Olga"]
[Black "Kalinina, Natalia"]
[Result "1-0"]
[WhiteElo "1824"]
[BlackElo "1637"]
[PlyCount "59"]
[EventDate "2014.09.21"]
[EventType "swiss"]
[EventRounds "9"]
[EventCountry "RUS"]
[SourceTitle "CBM 162 Extra"]
[Source "ChessBase"]
[SourceDate "2014.10.17"]
[SourceVersion "1"]
[SourceVersionDate "2014.10.17"]
[SourceQuality "1"]

1. e4 c6 2. d4 d5 3. e5 Bf5 4. Nf3 e6 5. Be2 Qb6 6. 0-0 c5 7. c4 Bxb1 8. Rxb1 dxc4 9. Bxc4 cxd4 10. Qxd4 Qxd4 11. Nxd4 Nd7 12. Bf4 0-0-0 13. Rbc1 Kb8 14. Bxe6 fxe6 15. Nxe6 Re8 16. Nc7 Rc8 17. e6 Nc5 18. Nd5+ Ka8 19. b4 b6 20. bxc5 Bxc5 21. Be5 Nf6 22. Nxf6 gxf6 23. Bxf6 Rhf8 24. Bh4 Rce8 25. Rce1 Kb7 26. Re2 Be7 27. Bg3 Rf6 28. Rd1 Kc8 29. Rd7 Bd8 30. Rc2+ 1-0

[Event "Satka Autumn op (Women)"]
[Site "Satka"]
[Date "2014.09.22"]
[Round "2"]
[White "Kiseleva, Olga"]
[Black "Trapeznikova, Darya"]
[Result "1/2-1/2"]
[WhiteElo "1824"]
[BlackElo "2036"]
[PlyCount "87"]
[EventDate "2014.09.21"]
[EventType "swiss"]
[EventRounds "9"]
[EventCountry "RUS"]
[SourceTitle "CBM 162 Extra"]
[Source "ChessBase"]
[SourceDate "2014.10.17"]
[SourceVersion "1"]
[SourceVersionDate "2014.10.17"]
[SourceQuality "1"]

1. e4 c5 2. c3 e6 3. d4 d5 4. e5 Nc6 5. Nf3 Bd7 6. Na3 cxd4 7. cxd4 Bxa3 8. bxa3 Nge7 9. Bd2 Nf5 10. Bc3 Rc8 11. Qd2 Qc7 12. Rc1 Na5 13. Qf4 Nc4 14. Bd2 Qb6 15. Bb4 Nxa3 16. Rxc8+ Bxc8 17. Bxa3 Qa5+ 18. Qd2 Qxa3 19. Bd3 Ne7 20. 0-0 h6 21. Rb1 Nc6 22. Bb5 Bd7 23. Rb3 Qe7 24. Bd3 b6 25. Qc2 0-0 26. Qe2 Rc8 27. h3 Na5 28. Rb1 Nc4 29. Rc1 b5 30. Ne1 Rc6 31. Bc2 Qa3 32. Rb1 Rc7 33. Rb3 Qe7 34. Rg3 f5 35. exf6 Qxf6 36. Qd3 Qf5 37. Rxg7+ Kxg7 38. Qg3+ Qg5 39. Qxc7 Nb6 40. Qxa7 Qd2 41. Qxb6 Qxe1+ 42. Kh2 Qxf2 43. Qc7 Qf7 44. Qe5+ 1/2-1/2

[Event "Satka Autumn op (Women)"]
[Site "Satka"]
[Date "2014.09.21"]
[Round "1"]
[White "Kiseleva, Olga"]
[Black "Turebayeva, Alfiya"]
[Result "0-1"]
[WhiteElo "1824"]
[BlackElo "2102"]
[PlyCount "54"]
[EventDate "2014.09.21"]
[EventType "swiss"]
[EventRounds "9"]
[EventCountry "RUS"]
[SourceTitle "CBM 162 Extra"]
[Source "ChessBase"]
[SourceDate "2014.10.17"]
[SourceVersion "1"]
[SourceVersionDate "2014.10.17"]
[SourceQuality "1"]

1. e4 c5 2. c3 g6 3. d4 cxd4 4. cxd4 d5 5. e5 Nc6 6. Nc3 Bg7 7. Nf3 Bg4 8. Be2 Nh6 9. Be3 Nf5 10. h3 Bxf3 11. Bxf3 e6 12. 0-0 0-0 13. Ne2 f6 14. exf6 Qxf6 15. Qe1 Nh4 16. Bg4 h5 17. Qd2 hxg4 18. Bg5 Qf5 19. Bxh4 gxh3 20. gxh3 Qxh3 21. Bg3 Bh6 22. Qc3 Rf5 23. Bd6 Qg4+ 24. Qg3 Qxe2 25. Qxg6+ Bg7 26. Be5 Nxe5 27. Qxe6+ Rf7 0-1

[Event "Izhevsk Corporation Cup 6th"]
[Site "Izhevsk"]
[Date "2014.07.14"]
[Round "3"]
[White "Shpilevoy, Eugeny"]
[Black "Kiseleva, Olga"]
[Result "1-0"]
[WhiteElo "2015"]
[BlackElo "1736"]
[PlyCount "91"]
[EventDate "2014.07.12"]
[EventType "swiss"]
[EventRounds "9"]
[EventCountry "RUS"]
[SourceTitle "CBM 161 Extra"]
[Source "ChessBase"]
[SourceDate "2014.08.29"]
[SourceVersion "1"]
[SourceVersionDate "2014.08.29"]
[SourceQuality "1"]

1. c4 c6 2. e4 d5 3. cxd5 cxd5 4. exd5 Nf6 5. Bb5+ Nbd7 6. Nc3 g6 7. d4 Bg7 8. Bf4 0-0 9. d6 exd6 10. Bxd6 Re8+ 11. Nge2 a6 12. Bxd7 Bxd7 13. Be5 Qb6 14. Qd2 Bc6 15. 0-0 Ne4 16. Nxe4 Bxe5 17. dxe5 Bxe4 18. Nc3 Rxe5 19. Rae1 Rae8 20. Qf4 Qe6 21. f3 Bc6 22. Rxe5 Qxe5 23. Qxe5 Rxe5 24. Rd1 Kf8 25. Rd8+ Ke7 26. Rd1 h6 27. Kf2 h5 28. h4 f5 29. Rd4 Rc5 30. Ke3 Re5+ 31. Kf4 Re1 32. Rd1 Rxd1 33. Nxd1 Kf6 34. Ne3 Bd7 35. Nd5+ Ke6 36. Nb6 Be8 37. Kg5 Kd6 38. f4 Kc5 39. Nc8 Kd4 40. Nd6 Bc6 41. Kxg6 Ke3 42. Kxf5 Bxg2 43. Kg5 Kd4 44. Kxh5 Bd5 45. a3 b5 46. Kg6 1-0

[Event "Satka Summer op"]
[Site "Satka"]
[Date "2014.07.09"]
[Round "9"]
[White "Panov, Maksim"]
[Black "Kiseleva, Olga"]
[Result "0-1"]
[WhiteElo "2187"]
[BlackElo "1736"]
[PlyCount "76"]
[EventDate "2014.07.02"]
[EventType "swiss"]
[EventRounds "9"]
[EventCountry "RUS"]
[SourceTitle "CBM 161 Extra"]
[Source "ChessBase"]
[SourceDate "2014.08.29"]
[SourceVersion "1"]
[SourceVersionDate "2014.08.29"]
[SourceQuality "1"]

1. d4 d5 2. Nf3 Nf6 3. c4 c6 4. g3 Bg4 5. Bg2 e6 6. 0-0 Be7 7. Nc3 0-0 8. Qb3 Qb6 9. c5 Qxb3 10. axb3 Nbd7 11. b4 Rfe8 12. b5 Bxf3 13. Bxf3 e5 14. e3 a6 15. bxa6 Rxa6 16. Rxa6 bxa6 17. Bd2 Rb8 18. Na4 Bd8 19. b4 Ne8 20. e4 exd4 21. exd5 Ne5 22. Bg2 Nc4 23. Re1 Kf8 24. Bf4 Rxb4 25. d6 g5 26. Bxc6 Ng7 27. d7 Ne6 28. Bd6+ Nxd6 29. cxd6 Rc4 30. Bd5 Rxa4 31. Bxe6 fxe6 32. Rxe6 Kf7 33. Re8 Bf6 34. Re5 d3 35. Rf5 Ke6 36. Rxf6+ Kxd7 37. Rf7+ Kxd6 38. Rb7 Ra1+ 0-1

[Event "Satka Summer op"]
[Site "Satka"]
[Date "2013.07.04"]
[Round "3"]
[White "Litvinenko, Ekaterina"]
[Black "Kiseleva, Olga"]
[Result "1-0"]
[WhiteElo "1933"]
[BlackElo "1737"]
[PlyCount "145"]
[EventDate "2013.07.02"]
[EventType "swiss"]
[EventRounds "9"]
[EventCountry "RUS"]
[SourceTitle "EXT 2014"]
[Source "ChessBase"]
[SourceDate "2013.11.20"]
[SourceVersion "1"]
[SourceVersionDate "2013.11.20"]
[SourceQuality "1"]

1. e4 e5 2. Nf3 Nc6 3. Bc4 Nf6 4. d3 Bc5 5. c3 0-0 6. Nbd2 d5 7. Bb3 dxe4 8. dxe4 b6 9. Ba4 Bb7 10. b4 Bd6 11. 0-0 Ne7 12. Bc2 Ng6 13. Re1 a5 14. bxa5 Rxa5 15. Nc4 Ra8 16. a4 Qd7 17. Bg5 Qc6 18. Nxd6 cxd6 19. Bxf6 gxf6 20. Rb1 Rfc8 21. Bd3 Nf4 22. Nh4 Qxc3 23. Rb3 Qd4 24. Nf5 Qxa4 25. Ne7+ Kf8 26. Nxc8 Bxc8 27. Bb5 Qa5 28. Qxd6+ Kg7 29. Reb1 Be6 30. Rg3+ Kh8 31. Qe7 Nh5 32. Be8 Qc5 33. Qxc5 bxc5 34. Bc6 Rc8 35. Bb7 Nxg3 36. Bxc8 Nxe4 37. Bxe6 fxe6 38. Rb6 Kg7 39. Rxe6 Nd2 40. Rd6 Nb3 41. Kf1 Kg6 42. Ke2 c4 43. Rb6 Nd4+ 44. Kd2 Kf5 45. Rb4 Nb3+ 46. Ke3 Na5 47. Ra4 Nb7 48. Rxc4 Nd6 49. Rc7 h6 50. f3 Ke6 51. Rh7 Nf7 52. h4 f5 53. Rg7 f4+ 54. Kd3 Kf6 55. Rg8 Nd6 56. h5 Nf7 57. Rg6+ Kf5 58. Ke2 e4 59. fxe4+ Kxe4 60. Rf6 Ne5 61. Rxh6 f3+ 62. gxf3+ Nxf3 63. Rg6 Ne5 64. Rg7 Kf5 65. Ke3 Kf6 66. Rg1 Nf7 67. Kf3 Nd8 68. h6 Ne6 69. Ke4 Nf8 70. Rf1+ Ke7 71. Kf5 Kf7 72. Rg1 Ne6 73. h7 1-0

[Event "Satka-ch"]
[Site "Satka"]
[Date "2012.12.24"]
[Round "3"]
[White "Muksimova, Oksana"]
[Black "Kiseleva, Olga"]
[Result "0-1"]
[WhiteElo "1785"]
[BlackElo "1717"]
[PlyCount "70"]
[EventDate "2012.12.22"]
[EventType "swiss"]
[EventRounds "9"]
[EventCountry "RUS"]
[SourceTitle "CBM 152 Extra"]
[Source "ChessBase"]
[SourceDate "2013.02.25"]
[SourceVersion "1"]
[SourceVersionDate "2013.02.25"]
[SourceQuality "1"]

1. d4 d5 2. Nf3 Nf6 3. c4 e6 4. e3 c6 5. Nc3 Nbd7 6. Qc2 Bd6 7. Be2 dxc4 8. Bxc4 b5 9. Be2 Bb7 10. 0-0 0-0 11. e4 e5 12. Bg5 exd4 13. Nxd4 Qc7 14. g3 b4 15. Na4 Rfe8 16. Bf3 h6 17. Bxf6 Nxf6 18. Rfe1 Rad8 19. Nf5 Bf8 20. Nc5 g6 21. Nh4 Nd7 22. Nxb7 Qxb7 23. Rad1 Ne5 24. Bg2 c5 25. f4 Nc6 26. e5 Qb6 27. Bxc6 c4+ 28. Kf1 Qxc6 29. Qg2 Qa6 30. Qe2 Rxd1 31. Rxd1 Qxa2 32. Qg4 c3 33. bxc3 bxc3 34. Qe2 c2 35. Rc1 Rc8 0-1

[Event "Satka Autumn op (Women)"]
[Site "Satka"]
[Date "2012.09.28"]
[Round "8"]
[White "Kiseleva, Olga"]
[Black "Mirzaeva, Gulnara"]
[Result "0-1"]
[WhiteElo "1702"]
[BlackElo "1780"]
[PlyCount "80"]
[EventDate "2012.09.20"]
[EventType "swiss"]
[EventRounds "9"]
[EventCountry "RUS"]
[SourceTitle "CBM 150 Extra"]
[Source "ChessBase"]
[SourceDate "2012.10.19"]
[SourceVersion "1"]
[SourceVersionDate "2012.10.19"]
[SourceQuality "1"]

1. e4 e5 2. Nf3 Nc6 3. Bb5 f5 4. d3 fxe4 5. dxe4 Nf6 6. Qd3 Nb4 7. Qc3 Nxe4 8. Qxe5+ Qe7 9. Na3 a6 10. Be2 d6 11. Qxe7+ Bxe7 12. c3 Nd5 13. 0-0 Rf8 14. Bd3 Bf5 15. Nd4 Bg6 16. f3 Nc5 17. Bxg6+ hxg6 18. b4 Nd3 19. c4 Bf6 20. Ne6 Rf7 21. Rb1 Nc3 22. Bd2 Nxb1 23. Rxb1 Re7 24. Rb3 Rxe6 25. Rxd3 Kf7 26. Be3 Rxe3 27. Rxe3 Bd4 28. Nc2 Bxe3+ 29. Nxe3 a5 30. b5 c6 31. c5 cxb5 32. cxd6 Rd8 33. Kf2 Rxd6 34. Ke2 Ke6 35. f4 Rd4 36. Nc2 Rxf4 37. Ke3 Ke5 38. Ne1 Re4+ 39. Kd2 Rxe1 40. Kxe1 b4 0-1

[Event "Satka Autumn op (Women)"]
[Site "Satka"]
[Date "2012.09.27"]
[Round "7"]
[White "Baraeva, Irina"]
[Black "Kiseleva, Olga"]
[Result "1-0"]
[WhiteElo "2176"]
[BlackElo "1702"]
[PlyCount "63"]
[EventDate "2012.09.20"]
[EventType "swiss"]
[EventRounds "9"]
[EventCountry "RUS"]
[SourceTitle "CBM 150 Extra"]
[Source "ChessBase"]
[SourceDate "2012.10.19"]
[SourceVersion "1"]
[SourceVersionDate "2012.10.19"]
[SourceQuality "1"]

1. d4 d5 2. Nf3 Nf6 3. c4 e6 4. Nc3 c6 5. Bg5 dxc4 6. e4 b5 7. e5 h6 8. Bh4 g5 9. Nxg5 hxg5 10. Bxg5 Be7 11. exf6 Bxf6 12. Bxf6 Qxf6 13. g3 Na6 14. Bg2 Nb4 15. 0-0 Nd5 16. Ne4 Qh6 17. h4 Ke7 18. b3 c3 19. Qd3 Qg6 20. Qf3 b4 21. a3 a5 22. axb4 Ba6 23. b5 Bxb5 24. Rfc1 a4 25. bxa4 Rxa4 26. Rxa4 Bxa4 27. Nxc3 Nxc3 28. Qxc3 Bb5 29. Qc5+ Kd8 30. Qd6+ Ke8 31. Qb8+ Kd7 32. Qxh8 1-0

[Event "Satka Metallurg op"]
[Site "Satka"]
[Date "2012.07.09"]
[Round "8"]
[White "Kiseleva, Olga"]
[Black "Ivanov, Stepan"]
[Result "0-1"]
[WhiteElo "1729"]
[BlackElo "2018"]
[PlyCount "76"]
[EventDate "2012.07.02"]
[EventType "swiss"]
[EventRounds "9"]
[EventCountry "RUS"]
[SourceTitle "EXT 2013"]
[Source "ChessBase"]
[SourceDate "2012.11.22"]
[SourceVersion "1"]
[SourceVersionDate "2012.11.22"]
[SourceQuality "1"]

1. e4 c5 2. c3 Nf6 3. e5 Nd5 4. d4 cxd4 5. cxd4 d6 6. Nf3 e6 7. Be2 Nc6 8. a3 dxe5 9. dxe5 Qc7 10. 0-0 Bd7 11. Bb5 Nxe5 12. Bxd7+ Nxd7 13. Qd4 N7f6 14. Ne5 Bd6 15. Qa4+ Nd7 16. Nxd7 Qxd7 17. Qg4 0-0 18. Nd2 Be5 19. Nc4 Bf6 20. Rb1 Rac8 21. Ne3 Rfd8 22. Rd1 Qb5 23. Nxd5 Rxd5 24. Rxd5 Qxd5 25. Be3 a6 26. Rd1 Qb3 27. Bd4 Rd8 28. Rc1 h5 29. Bxf6 hxg4 30. Bxd8 Qxb2 31. Bg5 Qxa3 32. Be3 b5 33. h3 gxh3 34. gxh3 b4 35. Kg2 b3 36. Rc3 Qa2 37. Bd4 b2 38. Rc2 Qd5+ 0-1

[Event "Satka Metallurg op"]
[Site "Satka"]
[Date "2012.07.03"]
[Round "2"]
[White "Enderov, Vladimir"]
[Black "Kiseleva, Olga"]
[Result "1-0"]
[WhiteElo "1927"]
[BlackElo "1729"]
[PlyCount "61"]
[EventDate "2012.07.02"]
[EventType "swiss"]
[EventRounds "9"]
[EventCountry "RUS"]
[SourceTitle "EXT 2013"]
[Source "ChessBase"]
[SourceDate "2012.11.22"]
[SourceVersion "1"]
[SourceVersionDate "2012.11.22"]
[SourceQuality "1"]

1. f4 d5 2. b3 f6 3. Bb2 Qd6 4. e3 Nd7 5. Nc3 c6 6. Bd3 g6 7. f5 Ne5 8. fxg6 hxg6 9. Be2 Bd7 10. a4 Bg7 11. Ba3 Qc7 12. d4 Nf7 13. Nf3 Bg4 14. g3 Bxf3 15. Bxf3 Ng5 16. Qe2 0-0-0 17. 0-0-0 Nxf3 18. Qxf3 g5 19. e4 e6 20. Rd2 Ne7 21. Re1 Rhe8 22. exd5 exd5 23. Rde2 Rd7 24. Qh5 Rh8 25. Qf7 Nf5 26. Re8+ Rxe8 27. Rxe8+ Rd8 28. Be7 Nxe7 29. Rxe7 Rd7 30. Qg8+ Qd8 31. Re8 1-0

[Event "Satka Metallurg op"]
[Site "Satka"]
[Date "2012.07.02"]
[Round "1"]
[White "Kiseleva, Olga"]
[Black "Khazhipov, Timur"]
[Result "0-1"]
[WhiteElo "1729"]
[BlackElo "2085"]
[PlyCount "62"]
[EventDate "2012.07.02"]
[EventType "swiss"]
[EventRounds "9"]
[EventCountry "RUS"]
[SourceTitle "EXT 2013"]
[Source "ChessBase"]
[SourceDate "2012.11.22"]
[SourceVersion "1"]
[SourceVersionDate "2012.11.22"]
[SourceQuality "1"]

1. e4 c5 2. c3 Nf6 3. e5 Nd5 4. d4 cxd4 5. cxd4 Nc6 6. a3 d6 7. Nf3 dxe5 8. dxe5 Bf5 9. Be2 e6 10. 0-0 Be7 11. Qb3 Qc7 12. Nc3 Nxc3 13. Qxc3 Rc8 14. Bf4 0-0 15. Rac1 Rfd8 16. Rfd1 Qb8 17. Rxd8+ Rxd8 18. Bb5 Be4 19. Bg5 Bxf3 20. Bxe7 Nxe7 21. Qxf3 Rd5 22. Bc4 Rc5 23. Rc3 Rxe5 24. Qd1 g6 25. g3 Nc6 26. Rd3 Qc7 27. Rd7 Qb6 28. b4 Rf5 29. Qf1 Ne5 30. Rd1 Nxc4 31. Qxc4 Qxf2+ 0-1